Soldering Handbook
Gespeichert in:
| 1. Verfasser: | |
|---|---|
| Format: | Buch |
| Sprache: | Englisch |
| Veröffentlicht: |
Miami :
American Welding Society,
1999
|
| Ausgabe: | 3. vyd. |
| Schlagworte: | |
| Tags: |
Keine Tags, Fügen Sie das erste Tag hinzu!
|
MARC
| LEADER | 00000nam a22000003a 4500 | ||
|---|---|---|---|
| 001 | stu80432 | ||
| 005 | 20200604114316.8 | ||
| 008 | 030502s1999----xxu-----------------eng-d | ||
| 020 | |a 0-87171-618-6 | ||
| 040 | |a STU |b slo | ||
| 041 | 0 | |a eng | |
| 044 | |a xxu | ||
| 080 | |a 621.791.3 |7 stu_us_auth*stu6937 | ||
| 100 | 1 | |a Vianco, Paul T. |4 aut | |
| 245 | 1 | |a Soldering Handbook | |
| 250 | |a 3. vyd. | ||
| 260 | |a Miami : |b American Welding Society, |c 1999 | ||
| 300 | |a 550 s | ||
| 650 | 7 | |a spájkovanie |2 stusub | |
| 996 | |b 284M056525 |c M*11123-1 |l MMKN |s A |a 24 |w stu80432_0001 | ||
| 996 | |b 284J046408 |c J* 118640 |l JJSK |s A |a 24 |w stu80432_0002 | ||